01099nam a2200205   450000500170000000800410001702000250005804100120008308200130009510000250010824500300013326000430016330000080020636500190021452004600023365000190069394200070071299900190071995201550073820260212110110.0260204b        |||||||| |||| 00| 0 eng d  a9788182475144         aEnglish  a746bNIS  aNisbet Harry9216598  aGrammar of Textile Design  aNew DelhibAbhishek Publicationsc2024  a375  b1336.65cRs.00  a1.	Introduction
2.	Plain weave and its modification
3.	Twill and kindered weaves
4.	Diamonds and kindered weaves
5.	Bedford cords
6.	Backed fabrics
7.	Fustians
8.	Terry and loop pile fabrics
9.	Gauze and net lend fabrics
10.	Leno brocade fabrics
11.	Tissue, lappet and swivel figured fabrics
12.	Brocade fabric
13.	Damask fabric
14.	Alhambra and kindered fabric
15.	Piques or toilet welts
16.	Toilet quilting fabrics
17.	Patent satin
18.	Tapestry fabrics
  aTextile Design  cBK  c370312d370312  00102ddc4070aSOFTbSOFTd2026-02-03eDesign Book Studiog1336.65i284l0o746 NISpSOFT-BK-4935r2026-02-04 14:19:06t33%v1995.00w2025-12-12yBK